Teaching Botany (Record no. 7956)

MARC details
000 -LEADER
fixed length control field 00515nam a22001817a 4500
003 - CONTROL NUMBER IDENTIFIER
control field OSt
005 - DATE AND TIME OF LATEST TRANSACTION
control field 20260129035808.0
008 - FIXED-LENGTH DATA ELEMENTS--GENERAL INFORMATION
fixed length control field 260129b |||||||| |||| 00| 0 eng d
020 ## - INTERNATIONAL STANDARD BOOK NUMBER
International Standard Book Number 81-7648-817-8.
040 ## - CATALOGING SOURCE
Original cataloging agency DWCL-Main lib
Transcribing agency OC
082 ## - DEWEY DECIMAL CLASSIFICATION NUMBER
Classification number Circ. 580 T255 2005
100 ## - MAIN ENTRY--PERSONAL NAME
Personal name Singh, Y. K.
245 ## - TITLE STATEMENT
Title Teaching Botany
Statement of responsibility, etc. Singh, Y. K.
260 ## - PUBLICATION, DISTRIBUTION, ETC.
Place of publication, distribution, etc. New Delhi :
Name of publisher, distributor, etc. A. P. H. Publishing Corporation,
Date of publication, distribution, etc. C2005.
300 ## - PHYSICAL DESCRIPTION
Extent 348 pages :
Other physical details illustration ;
Dimensions 22 cm.
650 ## - SUBJECT ADDED ENTRY--TOPICAL TERM
Topical term or geographic name entry element 1. Botany.
942 ## - ADDED ENTRY ELEMENTS (KOHA)
Source of classification or shelving scheme Dewey Decimal Classification
Koha item type Book Circulation
Call number prefix Circ.
Suppress in OPAC No
952 ## - LOCATION AND ITEM INFORMATION (KOHA)
--
952 ## - LOCATION AND ITEM INFORMATION (KOHA)
--
Holdings
Withdrawn status Lost status Source of classification or shelving scheme Damaged status Not for loan Home library Current library Shelving location Date acquired Source of acquisition Cost, normal purchase price Total Checkouts Full call number Barcode Date last seen Copy number Price effective from Koha item type Uniform Resource Identifier
    Dewey Decimal Classification     College Library College Library Circulation 10/02/2007 School Fund 998.00   Circ. 580 T255 2005 45242 01/29/2026 c1 01/29/2026 BK-CIRC
    Dewey Decimal Classification     College Library College Library Circulation 10/02/2007 School Fund 998.00   Circ. 580 T255 2005 45241 01/29/2026 c2 01/29/2026 BK-CIRC